Můj boj/ tvůj boj

Bibliographic Details
Main Authors: Rousey, Ronda, 1987- (Author), Burns Ortiz, Maria (Author)
Other Authors: Steinerová, Irena (Translator), Williams, Eric (Photographer)
Format: Book
Language:Czech
English
PhysicalDescription:319 s. fotogr. 24 cm
Published: V Bratislavě Noxi 2016
ISBN:9788081113949
Edition:1. vyd.
Subjects:

MARC

LEADER 00000cam a2200000 a 4500
001 vtls011597877
003 SK-MaSNL
005 20260302052542.0
008 240318s2016 xo o g 000 0acze
015 |a SNBA2017/01 
020 |a 9788081113949  |q (viaz.) 
035 |a urn:nbn:sk:snk-am00dzel 
035 |a urn:nbn:sk:snk-am3i9qk 
035 |a BAD37B03-9E55-4AEC-9068-4A3B1DF302CA 
040 |a SNK  |b slo  |c SNK  |e AACR2 
041 1 |a cze  |h eng 
043 |a n-xxu-- 
044 |a xo  |c SK 
072 7 |a 796  |x Šport. Hry. Telesné cvičenia  |2 konspekt 
072 7 |a 929  |x Biografie  |2 konspekt 
072 7 |a 796.071.2-055.2  |2 2011 
080 |a 796.85  |2 2011 
080 |a (092)  |2 2011 
080 |a 796.85.071.2  |2 2001 
080 |a (73)  |2 2011 
080 |a 796.853.23  |2 2011 
100 1 |a Rousey, Ronda,  |d 1987-  |4 aut  |9 660051 
240 1 0 |a My fight/Your fight  |l Česky 
245 1 0 |a Můj boj/ tvůj boj  |c Ronda Rousey, Maria Burns Ortiz ; [z anglického originálu přeložila Irena Steinerová ; fotografie Eric Williams] 
250 |a 1. vyd. 
260 |a V Bratislavě  |b Noxi  |c 2016 
300 |a 319 s.  |b fotogr.  |c 24 cm 
600 1 7 |a Rousey, Ronda,  |d 1987-  |2 SNKMA  |9 660051 
650 0 7 |a bojové umenia  |2 SNKPH  |9 3247 
650 0 7 |a športovkyne  |2 SNKPH  |9 78689 
650 0 7 |a Sportswomen  |2 SNKPHeng  |9 447655 
650 0 7 |a majstri bojových umení  |2 SNKPH  |9 104227 
650 0 7 |a Martial artists  |2 SNKPHeng  |9 414815 
650 0 7 |a  Martial arts  |2 SNKPHeng  |9 709530 
650 0 7 |a džudo  |2 SNKPH  |9 3273 
651 7 |a Spojené štáty americké  |2 SNKPH  |9 18262 
651 7 |a United States  |2 SNKPHeng  |9 281561 
655 7 |a autobiografie  |2 SNKPH  |9 70280 
655 7 |a Autobiography  |2 SNKPHeng  |9 283613 
700 1 |a Burns Ortiz, Maria  |4 aut  |9 660052 
700 1 |a Steinerová, Irena  |4 trl  |9 709531 
700 1 |a Williams, Eric  |4 pht  |9 660053 
752 |a Slovensko  |d Bratislava 
852 |a Štátna vedecká knižnica v Banskej Bystrici 
919 |a 978-80-8111-394-9 
958 |a BC 
958 |a OP 
968 |a Čes  |b ENG 
999 |c 1105667  |d 1107597 
952 |a SNK  |b SNK  |y PREZ  |7 0  |p 17A1219621  |o snkSC 172617  |i snk2017/1209  |8 0  |0 0  |1 0  |4 0  |d 2017-01-16  |f 1  |l 0  |r 2025-09-10 00:00:00  |w 2026-02-24 
952 |a SNK  |b SNK  |y VYP  |7 0  |p 17A1219622  |o snkSC 172617 D1  |i snk2017/1210  |8 0  |0 0  |1 0  |4 0  |d 2017-01-16  |l 0  |r 2026-02-24 17:44:27  |w 2026-02-24